000
00309nam a22001337a 4500
008
180913b xxu||||| |||| 00| 0 eng d
020
_a
9780137179435
041
_a
eng
080
_2
5 ED
_a
338
100
_a
54
101
_a
MAN
245
_a
Production Operations Mangement
_c
Adam.E,E
942
_2
udc
_c
BK
999
_c
47742
_d
47742